The oxford handbook of William Wordsworth (Record no. 10634)

MARC details
000 -LEADER
fixed length control field 00583cam a2200217ua 4500
001 - CONTROL NUMBER
control field 11853
005 - DATE AND TIME OF LATEST TRANSACTION
control field 20260515114816.0
008 - FIXED-LENGTH DATA ELEMENTS--GENERAL INFORMATION
fixed length control field 191113n xxk |||gr||||Z||||||eng
020 ## - INTERNATIONAL STANDARD BOOK NUMBER
International Standard Book Number 9780198828235
040 ## - CATALOGING SOURCE
Transcribing agency MAIN
082 ## - DEWEY DECIMAL CLASSIFICATION NUMBER
Classification number 821.7
100 ## - MAIN ENTRY--PERSONAL NAME
Personal name Richard Gravil,
Relator term Editor.,
245 ## - TITLE STATEMENT
Title The oxford handbook of William Wordsworth
Statement of responsibility, etc. Edited by Richard Gravil
250 ## - EDITION STATEMENT
Edition statement 1st ed.
260 ## - PUBLICATION, DISTRIBUTION, ETC.
Place of publication, distribution, etc. London:
Name of publisher, distributor, etc. Oxford University Press,
Date of publication, distribution, etc. 2015.
300 ## - PHYSICAL DESCRIPTION
Extent 868p.
653 ## - INDEX TERM--UNCONTROLLED
Uncontrolled term English poetry
653 ## - INDEX TERM--UNCONTROLLED
Uncontrolled term William Wordsworth
700 ## - ADDED ENTRY--PERSONAL NAME
Personal name Daniel Robinson,
Relator term Editor.
942 ## - ADDED ENTRY ELEMENTS (KOHA)
Koha item type Books
Holdings
Withdrawn status Lost status Damaged status Not for loan Home library Current library Shelving location Date acquired Total checkouts Full call number Barcode Date last seen Copy number Price effective from Koha item type
        Naharkatiya College Library Naharkatiya College Library General stacks 09/19/2020   821.7English Literature | THE 27657 09/19/2020 1 09/19/2020 Books